000 00218nam a22001097a 4500
041 _aeng
080 _a80
100 _aDrutschkiw, N.
245 _aDeutsch im Spiel 1. Arbeitsheft.
650 _aGerman
999 _c282407
_d282407
942 _cBK